| 000 | 00847cam a2200289 4500 | ||
|---|---|---|---|
| 008 | 090401t1996 xxu||||| |||| 00| 0 eng d | ||
| 020 | _a0854067922 | ||
| 035 | _a(Sirsi) u66675 | ||
| 041 | _aeng | ||
| 050 | _a630.026 | ||
| 090 | _a630.026 | ||
| 090 | _aRICS 1996/99ABCD | ||
| 100 | _aWhitehead, Ian | ||
| 245 | _aFarm business tenancies survey 1996. | ||
| 260 |
_aLondon _bRICS _c1996 |
||
| 300 | _a16,14p. ; 30cm. | ||
| 350 | _a9.95 | ||
| 520 | _aA survey carried out for the RICS by Ian Whitehead FRICS FAAV, University of Plymouth, Seale Hayne Faculty. | ||
| 650 | _aFARM BUSINESS TENANCIES | ||
| 650 | _aFARM BUSINESS TENANCY AGREEMENTS | ||
| 650 | _aFARM LAND | ||
| 650 | _aQUESTIONNAIRE | ||
| 690 | _aRURAL PRACTICE | ||
| 710 |
_aRoyal Institution of Chartered Surveyors _94900 |
||
| 942 | _n0 | ||
| 948 | _c04/03/1997 | ||
| 999 |
_c94924 _d94924 |
||